[Event "ROM-ch U14"]
[Site "Calimanesti Caciulata"]
[Date "2016.04.25"]
[Round "9"]
[White "Popa, Timotei Marius"]
[Black "Ursu, Adrian Dumitru"]
[Result "1-0"]
[WhiteElo "1340"]
[BlackElo "1001"]
[PlyCount "67"]
[EventDate "2016.04.18"]
[EventType "swiss"]
[EventRounds "9"]
[EventCountry "ROU"]
[SourceTitle "CBM 172 Extra"]
[Source "ChessBase"]
[SourceDate "2016.06.21"]
[SourceVersion "1"]
[SourceVersionDate "2016.06.21"]
[SourceQuality "1"]

1. e4 e5 2. Nf3 Nf6 3. Nc3 Nc6 4. d4 exd4 5. Nxd4 Bb4 6. Bg5 d5 7. Nxc6 Bxc3+ 8. bxc3 bxc6 9. e5 Qe7 10. Qe2 Ba6 11. exf6 Bxe2 12. fxe7 Bxf1 13. Rxf1 f6 14. Bf4 Rc8 15. Rb1 Kxe7 16. Rb7 Kd7 17. Rxa7 Rhe8+ 18. Kd2 Re4 19. Bg3 d4 20. Kd3 Rg4 21. h3 Rg5 22. cxd4 Rd5 23. c4 Rd6 24. Bxd6 Kxd6 25. Rb1 Rd8 26. Rbb7 Rd7 27. c5+ Ke7 28. Rxc7 Rxc7 29. Rxc7+ Kf8 30. a4 g5 31. a5 h5 32. a6 h4 33. a7 Ke8 34. a8R# 1-0

[Event "ROM-ch U14"]
[Site "Calimanesti Caciulata"]
[Date "2016.04.22"]
[Round "6"]
[White "Popa, Timotei Marius"]
[Black "Juravle, Mihnea Marian"]
[Result "0-1"]
[WhiteElo "1340"]
[BlackElo "1830"]
[PlyCount "50"]
[EventDate "2016.04.18"]
[EventType "swiss"]
[EventRounds "9"]
[EventCountry "ROU"]
[SourceTitle "CBM 172 Extra"]
[Source "ChessBase"]
[SourceDate "2016.06.21"]
[SourceVersion "1"]
[SourceVersionDate "2016.06.21"]
[SourceQuality "1"]

1. e4 c5 2. Nf3 Nc6 3. d4 cxd4 4. Nxd4 d6 5. Nc3 g6 6. Be3 Bg7 7. Bc4 Nf6 8. f3 Bd7 9. Qd2 Rc8 10. 0-0-0 Nxd4 11. Qxd4 0-0 12. Qd3 a6 13. g4 b5 14. Bb3 b4 15. Nd5 Nxd5 16. Qxd5 Be6 17. Qd3 Bxb3 18. Qxb3 Qd7 19. h4 a5 20. a4 bxa3 21. Qxa3 Rc4 22. h5 Rfc8 23. Qd3 Qa4 24. Rh2 Qa1+ 25. Kd2 Rxc2+ 0-1